02222agaaa2200313 45000010005000000030009000050050017000140070009000310080040000400400023000800410013001031000047001161300021001632400030001842450173002142460023003872500022004102600135004323000033005675080144006005110083007445200813008275380016016405460013016566500056016697000063017257000059017887000061018471455IT-RoPAU20220918181224.0d cvaizq50131s9999||||xx ||| | || ||und|| aIT-RoPAUcIT-RoPAU aITALIANO aBergman IngmargCodice regista SPICS: 9304 aSUSSURRI E GRIDA aVISKNINGAR OCH ROPgT1210 aSUSSURRI E GRIDAcProdotto da: Lars-Owe Carlberg -- Sceneggiatura: Bergman Ingmar -- Diretto da: Bergman IngmarpSUSSURRI E GRIDA (Rif. Codice opera principale : 21455) aVISKNINGAR OCH ROP aEdizione Standard a(SVEZIA)bCINEMATOGRAPH AB - SVENSKA FILMINSTITUTET / Distribuzione: MASTER VIDEOg"1972 (1° ed.: 1988 ; Ed. Lingua Orig.: 1972)" aVHSbsonoro, col.c90 minuti a"Fotografia: Nykvist Sven; Montaggio: Lundgren Siv; Musica: Bach Johann Sebastian; Sceneggiatura: Bergman Ingmar; Scenografia: Vos Marik; " a"Andersson Harriet; Sylwan Kari; Thulin Ingrid; Ullmann Liv; Josephson Erland" aIN QUESTO FILM BERGMAN RIPROPONE QUEI TEMI CHE IMPRONTANO DI SE' TANTA PARTE DELLA SUA OPERA: SIGNIFICATO DELLA MORTE E DELLA VITA SILENZIO DI DIO COMUNICAZIONE TRA GLI UOMINI QUATTRO-DONNE-SI-TROVANO-A-CONFRONTARSI-CON-LA-MORTE MOMENTO-DELLA-VERITA' RISPOSTA-ALLA-MORTE-CHE-DIPENDE-DAL-SIGNIFICATO-CHE-SI-E'-DATO-ALLA-VITA VITA-VISTA-COME-FELICITA'-DI-STARE-INSIEME-DI-GODERE-DELLE-STAGIONI-E-DEI-LORO-COLORI-DI-TOCCARSI-DI-COMUNICARSI-IL-CALORE-DEI-CORPI PAURA-DELLA-MORTE PAURA-DELLA-SOLITUDINE-DELLA-CARNE ODIARE-LA-MORTE-PERCHE'-SI-ODIA-LA-VITA VIVERE-DELLA-PROPRIA-IMMAGINE-RIFLESSA-DA-UNO-SPECCHIO-O-DA-OCCHI-MASCHILI EGOISMO-INFANTILE DARE-IL-PROPRIO-CORPO-PER-AVERNE-PIACERE FILM A COLORIKABI LARETEI SUONA MAZURKA A-MOLL OP. 17 NR4 DI CHOPINPIERRE FOURNIER SUONA SARABANDE URSVIT NR 5C-MOLL DI BACH aPAL, STEREO aITALIANO aDRAMMATICOeFILMS [VHS]xCodice MATERIA SPICS: 9960 aBach Johann Sebastiane(musica)gCodice Musica SPICS: 9695 aBergman Ingmar e(regista)gCodice regista SPICS: 9304 aBergman Ingmar e(soggetto)gCodice Soggetto SPICS: 9304